000
00310nam a22001217a 4500
003
PILC
005
20150826115324.0
008
150826b xxu||||| |||| 00| 0 eng d
050
_a
PE 1417
_b
.R332
245
_a
Reference readings :
_b
CICS /
300
_a
101 pages :
_b
illustrations ;
_c
28 cm.
942
_2
lcc
_c
BK
999
_c
288506
_d
288506